| 000 | 00646 a2200193 4500 | ||
|---|---|---|---|
| 010 | _aENG-89472 | ||
| 020 |
_a8128814028 _c495.00 |
||
| 035 | _aEN-73005 | ||
| 037 | _bDBAD / PUB | ||
| 082 | 1 | 4 | _a394.26 |
| 090 |
_c10984 _d10984 |
||
| 100 | 1 | _aMathur, Suresh Narain | |
| 245 | 1 |
_aHindu fasts & festivals/ _cby Suresh Narain Mathur. |
|
| 260 |
_aNew Delhi _bDiamond Pocket Books _c2007 |
||
| 270 |
_aX-30, Okhla Indl. Area, Phase-II, _bNew Delhi _e110 020 |
||
| 300 |
_a188p.: _c24cm (Hb) _bcol. photos |
||
| 942 |
_adpl _cEN _k394.26/ MAT |
||
| 999 |
_c10681 _d10681 |
||